000 01364cam a2200373 i 4500
001 29983
003 Mx-PuUPA
005 20240904132126.0
008 140415s1982 sp gr 000 f spa d
017 _aM. 452-2001
020 _a8423916936
040 _cMx-PuUPA
_aMx-PuUPA
_bspa
_dMx-PuUPA
_erda
041 0 _aspa
100 1 _aVázquez Montalbán, Manuel,
_d1939-
_0
_915906
_eautor
240 1 0 _aObras.
_kSelecciones.
245 1 0 _aTres novelas ejemplares /
_cManuel Vázquez Montalbán
264 1 _aEspaña :
_bEspasa Calpe,
_c2001
300 _a297 páginas ;
_c18 cm
336 _2rdacontent
_atexto
_btxt
337 _2rdamedia
_asin medio
_bn
338 _2rdacarrier
_avolumen
_bnc
490 0 _aNarrativa del Siglo XX en lengua castellana
505 0 _aRecordando a Dardé, 1969 -- Happy End, 1974 -- La vida privada del doctor Betriu, 1982.
600 1 4 _aVázquez Montalbán, Manuel,
_d1939-2003
_xCrítica e interpretación
650 7 _2armarc
_aLiteratura española
_ySiglo XX
655 7 _2armarc
_aNovela española
_ySiglo XX
740 0 2 _aRecordando a Dardé, 1969
740 0 2 _aHappy End, 1974
740 3 2 _aLa vida privada del doctor Betriu, 1982.
942 _2ddc
_cLI
_h863.6
_iV393
999 _c29983
_d29983